| 000 | 00628nam a2200193Ia 4500 | ||
|---|---|---|---|
| 003 | GCL | ||
| 008 | 140319s9999 xx 000 0 ara d | ||
| 040 |
_aGCL / _cGCL |
||
| 082 | 0 | 4 |
_a810.9 _bم ث |
| 100 | 1 | _aمحمد حسين هيكل | |
| 245 | 1 | 0 |
_aثورة الادب / _cمحمد حسين هيكل |
| 260 |
_aالقاهرة : _bمطبعة السياسة ، _c1933 |
||
| 300 |
_a254 ص ؛ _c20 سم |
||
| 490 | _a | ||
| 650 | 0 | 4 | _aالادب العربى |
| 650 | 0 | 4 | _aالادب العربى - تاريخ ونقد |
| 650 | 0 | 4 | _aالادب العربى - تاريخ ونقد - العصرالحديث |
| 942 |
_2ddc _cBK |
||
| 999 |
_c45608 _d45608 |
||